Normal view
MARC view
Entry Personal Name
001 - CONTROL NUMBER
- control field: 162760
003 - CONTROL NUMBER IDENTIFIER
- control field: OSt
005 - DATE AND TIME OF LATEST TRANSACTION
- control field: 20240430170801.0
008 - FIXED-LENGTH DATA ELEMENTS
- fixed length control field: 240430|| aca||aabn | a|a d
040 ## - CATALOGING SOURCE
- Original cataloging agency: OSt
- Transcribing agency: OSt
100 ## - HEADING--PERSONAL NAME
- Personal name: Ashiq Pai
670 ## - SOURCE DATA FOUND
- Source citation: Work cat.: (OSt): Ashiq Pai, Market Analysis of Distribution Network and Merchandising Stratigies of Hindustan Lever Limited